Từ điển thuật ngữ đường ô tô Việt - Pháp - Anh

Shranjeno v:
Bibliografske podrobnosti
Glavni avtor: Nguyễn, Quang Chiêu
Format: Knjiga
Jezik:Undetermined
Izdano: Hà Nội Giao thông vận tải 2001
Teme:
Oznake: Označite
Brez oznak, prvi označite!
Thư viện lưu trữ: Trung tâm Học liệu Trường Đại học Cần Thơ
LEADER 00610nam a2200193Ia 4500
001 CTU_61947
008 210402s9999 xx 000 0 und d
020 |b 25000 
082 |a 625.703 
082 |b Ch309 
100 |a Nguyễn, Quang Chiêu 
245 0 |a Từ điển thuật ngữ đường ô tô Việt - Pháp - Anh 
245 0 |c Nguyễn Quang Chiêu, Đỗ Bá Chương 
260 |a Hà Nội 
260 |b Giao thông vận tải 
260 |c 2001 
650 |a Roads,Dictionary 
904 |i Tuyến 
980 |a Trung tâm Học liệu Trường Đại học Cần Thơ